[Event "Høstturneringen 2016 (Follo 20 år)"]
[Site "Ås, Akershus NOR"]
[Date "2016.10.31"]
[Round "6"]
[White "Bø, Martin"]
[Black "Rønbeck, Bjørn"]
[Result "1/2-1/2"]
[WhiteElo "1191"]
[BlackElo "1122"]
[PlyCount "90"]
[EventDate "2016.09.01"]

1. d4 d5 2. c4 e6 3. Nc3 Bb4 4. Qa4+ Nc6 5. a3 Bxc3+ 6. bxc3 Bd7 7. Qc2 h6 8.
Nf3 Nge7 9. g3 Ng6 10. Bg2 dxc4 11. Rb1 Rb8 12. a4 O-O 13. Nd2 Qc8 14. Nxc4 Re8
15. e4 e5 16. Be3 Bh3 17. O-O Bxg2 18. Kxg2 Nh4+ 19. Kh1 exd4 20. cxd4 Nf3 21.
Qd1 Ng5 22. Bxg5 hxg5 23. d5 Ne5 24. Nxe5 Rxe5 25. Qd4 f6 26. Rfc1 Qg4 27. Qxa7
Qxe4+ 28. Kg1 Rd8 29. Rxb7 Rexd5 30. Rb8 c6 31. Rxd8+ Rxd8 32. Qc7 Rd2 33. a5
Qa4 34. Qb6 Rd1+ 35. Rxd1 Qxd1+ 36. Kg2 Qd5+ 37. Kg1 Qd1+ 38. Kg2 Qd5+ 39. f3
g4 40. Qb8+ Kh7 41. Qf4 Qa2+ 42. Kg1 Qb1+ 43. Kf2 Qc2+ 44. Kg1 Qc5+ 45. Kg2
Qc2+ 1/2-1/2

[Event "Høstturneringen 2016 (Follo 20 år)"]
[Site "Ås, Akershus NOR"]
[Date "2016.11.03"]
[Round "7"]
[White "Kielland-Lund, Jon"]
[Black "Støle, Andreas"]
[Result "0-1"]
[WhiteElo "1500"]
[BlackElo "1595"]
[Annotator "Støle, Andreas"]
[PlyCount "82"]
[EventDate "2016.09.01"]

1. c4 Nf6 2. Nc3 b6 3. d4 e6 4. e4 Bb4 5. Bd3 c5 6. d5 d6 7. Bg5 e5 (7... exd5
8. cxd5 O-O) 8. f3 h6 9. Bxf6 Qxf6 10. Nge2 Qh4+ 11. Ng3 Nd7 12. Qd2 O-O 13.
O-O Bxc3 14. Qxc3 Nf6 15. a4 a5 16. Qd2 Bd7 17. b3 Rae8 18. Rae1 Bc8 19. Qf2 (
19. f4 $2 Ng4 $1 20. h3 Qxg3 21. hxg4 exf4 $17) 19... g5 20. Nf5 Qxf2+ 21. Rxf2
Bxf5 22. exf5 Kg7 23. g4 h5 24. h3 hxg4 25. hxg4 Rh8 26. Rh2 Rxh2 27. Kxh2 Rh8+
28. Kg2 Rh4 29. Rh1 Rxh1 30. Kxh1 e4 $1 {One final trap} 31. Bxe4 $2 (31. Be2
$1 exf3 (31... Nd7 32. Kg2 Kf6 33. Kf2 Ke5 34. Ke3 $11) 32. Bxf3 Nd7 33. Kg2
Kf6 34. Kf2 Ke5 35. Ke3 $11) (31. fxe4 Nxg4 $17) 31... Nxe4 {The black King
wins the race!} 32. fxe4 Kf6 33. Kg2 Ke5 34. Kf3 Kd4 35. e5 Kxe5 36. f6 Kxf6
37. Ke4 Kg6 38. Kf3 f5 39. Kg3 fxg4 40. Kxg4 Kf6 41. Kf3 Kf5 0-1

[Event "Høstturneringen 2016 (Follo 20 år)"]
[Site "Ås, Akershus NOR"]
[Date "2016.11.03"]
[Round "7"]
[White "Lea, Per"]
[Black "Moberg, Jan Rune"]
[Result "1-0"]
[WhiteElo "1533"]
[BlackElo "1503"]
[PlyCount "65"]
[EventDate "2016.09.01"]

1. e4 e5 2. Nf3 Nc6 3. Bb5 a6 4. Ba4 Nf6 5. O-O Be7 6. Re1 O-O 7. Bxc6 dxc6 8.
Nxe5 Bc5 9. c3 Re8 10. d4 Bf8 11. Bg5 h6 12. Bh4 Be7 13. Nd2 c5 14. d5 Bd6 15.
Nef3 Bg4 16. h3 Bxf3 17. Qxf3 Be7 18. Bg3 c6 19. dxc6 bxc6 20. Nc4 Ra7 21. Rad1
Qc8 22. Nd6 (22. Bd6 Qe6 23. e5 Nd5) 22... Bxd6 23. Rxd6 Rae7 24. e5 Re6 25.
Red1 Nh7 26. Qd3 Ng5 27. f4 Nh7 28. Rd8 Qb7 29. b3 Qb5 30. c4 Qa5 31. Qd2 Qb6
32. Qd7 Nf8 33. Rxe8 1-0

[Event "Høstturneringen 2016 (Follo 20 år)"]
[Site "Ås, Akershus NOR"]
[Date "2016.11.03"]
[Round "7"]
[White "Furnes, Torstein"]
[Black "Ruud, Kjetil"]
[Result "0-1"]
[WhiteElo "1610"]
[BlackElo "1446"]
[PlyCount "90"]
[EventDate "2016.09.01"]

1. d4 f5 2. c4 Nf6 3. Nc3 e6 4. Nf3 Bb4 5. Bg5 Bxc3+ 6. bxc3 h6 7. Bf4 d6 8. e3
b6 9. Bd3 Bb7 10. h4 Nbd7 11. Qe2 Qe7 12. Bc2 Rg8 13. Rg1 $6 $17 e5 14. Bg3 e4
15. Nd2 g5 16. hxg5 hxg5 17. Rh1 O-O-O 18. Nb3 $6 $17 Rh8 19. Kd2 $2 $19 Qf7 (
19... Ba6) 20. d5 $2 Ba6 21. Nd4 Nxd5 22. Nc6 $4 {Tapstrekket. Overser svarts
sterke svartrekk.} Qf6 $1 23. Nd4 c5 24. a4 cxd4 25. cxd4 f4 26. Bxe4 fxg3 27.
Bxd5 Qxf2 28. Qxf2 gxf2 29. Ke2 Rxh1 30. Rxh1 Rf8 31. Rf1 Bb7 32. Bxb7+ Kxb7
33. Rxf2 Rxf2+ 34. Kxf2 Nf6 35. Kf3 Kc6 36. e4 a6 37. e5 dxe5 38. dxe5 Ne8 39.
Kg4 Kc5 40. Kxg5 Kxc4 41. Kg6 b5 42. axb5 axb5 43. Kf7 Nc7 44. g4 Kd5 45. g5
Ne6 0-1

[Event "Høstturneringen 2016 (Follo 20 år)"]
[Site "Ås, Akershus NOR"]
[Date "2016.11.17"]
[Round "7"]
[White "Thowsen, Alf Geir"]
[Black "Bø, Martin"]
[Result "0-1"]
[WhiteElo "1161"]
[BlackElo "1191"]
[Annotator "Bø, Martin"]
[PlyCount "74"]
[EventDate "2016.09.01"]

1. e4 c5 2. Nf3 d6 3. Nc3 Nf6 4. Bc4 g6 5. h3 Bg7 6. O-O O-O 7. d3 a6 8. a3 b5
9. Ba2 Nc6 10. Be3 Nd7 11. Qc1 Nd4 12. Bxd4 cxd4 13. Ne2 Qb6 14. c3 dxc3 15.
Nxc3 Bb7 16. Qd2 Nf6 17. Rac1 Rac8 18. Rfe1 Rc7 19. Qe2 Rfc8 20. Rc2 a5 21. Ng5
Rf8 22. Rec1 b4 23. Na4 Rxc2 24. Qxc2 Qb5 {Stillingen har hele partiet vært i
balanse med en liten sortfordel, men nå begynner ting å bli komplisert, og vi
begge overser klare vinstvarianter} 25. Bc4 $4 Qe8 $11 {Når jeg spilte Db5
tenkte jeg "Angriper g5 og holder presset på a4. Hadde oversett Lc4 (av god
grunn) og ble så satt ut at jeg glemte av at springeren på g5 står i slag} (
25... Qxg5 {0-1}) 26. Qb3 d5 $1 27. exd5 Bxd5 28. Bxd5 Nxd5 29. Rc5 (29. Qxd5
Qxa4 30. axb4 Qxb4 $15) 29... Nf4 30. axb4 axb4 31. Rc4 Nxd3 32. Nb6 (32. Qxd3
Qxa4) 32... Qd8 33. Rc8 Nc5 $4 (33... Nc1 34. Qf3 (34. Qxf7+ Rxf7 35. Rxd8+ Rf8
36. Rxf8+ Kxf8 37. Ne6+ Kf7 38. Nxg7 Kxg7 $11) (34. Rxc1 Qxb6) 34... Ne2+ 35.
Kh2 Qd6+ 36. g3 Qf6 37. Rxf8+ Bxf8 38. Qxf6 exf6 39. Ne4 Bg7 $15) 34. Qxb4 $4 {
Går i fra +4 til -3} (34. Qf3 $1 Bf6 35. Rxd8 Rxd8 36. Qc6 Bxg5 37. Qxc5 {1-0})
34... Qd1+ 35. Kh2 Be5+ 36. f4 (36. g3 Rxc8 37. Nxc8 Qc2 38. Kg2 Nd3 39. Nxe7+
Kg7 40. Qb6 Bf6 41. Nxg6 hxg6 42. Nf3 $16) 36... Nd3 37. fxe5 Nxb4 0-1

[Event "Høstturneringen 2016 (Follo 20 år)"]
[Site "Ås, Akershus NOR"]
[Date "2016.11.03"]
[Round "7"]
[White "Johnson, David"]
[Black "Lange, Holger"]
[Result "1-0"]
[WhiteElo "1443"]
[BlackElo "1624"]
[PlyCount "65"]
[EventDate "2016.09.01"]

1. e4 Nf6 2. e5 Nd5 3. Bc4 Nb6 4. Bb3 d6 5. Nf3 Nc6 6. e6 fxe6 7. Ng5 d5 8.
Qh5+ g6 9. Qf3 Ne5 10. Qf4 Bg7 11. d4 Rf8 12. Qg3 h6 13. Nh7 Rf5 14. dxe5 Rxe5+
15. Kf1 Kf7 16. Bf4 Rf5 17. Nd2 Qg8 18. Ng5+ hxg5 19. Bxc7 Bxb2 20. Rb1 Qg7 21.
Nf3 Qf6 22. h4 gxh4 23. Rxh4 Nd7 24. c4 Be5 25. Nxe5+ Nxe5 26. cxd5 exd5 27.
Bxd5+ e6 28. Bxb7 Bxb7 29. Rxb7 Kg8 30. Bxe5 Rxe5 31. Rhh7 Rg5 32. Rbg7+ Kf8
33. Qd6+ 1-0

[Event "Høstturneringen 2016 (Follo 20 år)"]
[Site "Ås, Akershus NOR"]
[Date "2016.11.03"]
[Round "7"]
[White "Bakken, Svein-Erik"]
[Black "Brenden, Torbjørn"]
[Result "1-0"]
[WhiteElo "1347"]
[BlackElo "1417"]
[PlyCount "86"]
[EventDate "2016.09.01"]

1. d4 d5 2. c4 e6 3. Nc3 Nf6 4. Nf3 Be7 5. Bg5 O-O 6. e3 a6 7. Bd3 h6 8. Bh4
Nbd7 9. cxd5 exd5 10. O-O c6 11. Rc1 b5 12. a3 Bb7 13. Qc2 Re8 14. h3 Rc8 15.
Bf5 c5 16. dxc5 Rxc5 17. Nd4 g5 18. Bg3 Bf8 19. Qb1 Ne4 20. Nxe4 dxe4 21. Rxc5
Nxc5 22. Rc1 Bd6 23. Bxd6 Qxd6 24. Bg4 Nd3 25. Rd1 Qf6 26. Rd2 Ne5 27. Bf5 Nc4
28. Rc2 Qe5 29. Bg4 Nd6 30. Qc1 Bd5 31. b3 Qe7 32. Rc7 Qe5 33. Bh5 Re7 34. Rxe7
Qxe7 35. Qc5 Bb7 36. Bg4 Kg7 37. Qc3 Kf8 38. Qc5 Kg8 39. a4 bxa4 40. bxa4 Kf8
41. Qc3 Kg8 42. Bh5 Qd7 43. Qc5 Qe7 {Tap på tid.} 1-0

[Event "Høstturneringen 2016 (Follo 20 år)"]
[Site "Ås, Akershus NOR"]
[Date "2016.11.03"]
[Round "7"]
[White "Rønbeck, Bjørn"]
[Black "Fuglseth, Jan"]
[Result "1-0"]
[WhiteElo "1122"]
[BlackElo "1478"]
[PlyCount "66"]
[EventDate "2016.09.01"]

1. e4 c6 2. d4 d5 3. Nc3 dxe4 4. Nxe4 Nf6 5. Nxf6+ gxf6 6. Be3 Bf5 7. g4 Be4 8.
f3 Bg6 9. Qd2 e6 10. O-O-O Bd6 11. h4 h5 12. g5 f5 13. f4 Nd7 14. c4 Bc7 15. c5
Ba5 16. Qc2 b6 17. Nf3 f6 18. Ba6 Qc7 19. Bc4 Kf7 20. Qb3 Rhe8 21. gxf6 Kxf6
22. Rhg1 bxc5 23. Rg2 (23. Bxe6 Rxe6 24. Rxg6+ Kxg6 25. Qxe6+) 23... Rab8 24.
Qc2 Nb6 25. Bb3 Nd5 26. Bd2 Bxd2+ 27. Qxd2 Qxf4 28. Qxf4 Nxf4 29. Rc2 cxd4 30.
Rxd4 Nd5 31. Rxc6 Rbc8 32. Bxd5 Kf7 33. Bxe6+ Ke7 1-0

[Event "Høstturneringen 2016 (Follo 20 år)"]
[Site "Ås, Akershus NOR"]
[Date "2016.11.03"]
[Round "7"]
[White "Garmark, Vegard"]
[Black "Sandvik, Sander"]
[Result "0-1"]
[WhiteElo "1201"]
[BlackElo "1127"]
[PlyCount "46"]
[EventDate "2016.09.01"]

1. e4 e5 2. Nf3 Nc6 3. d4 exd4 4. Bc4 Bc5 5. O-O Nf6 6. e5 d5 7. Bb5 Ne4 8.
Bxc6+ bxc6 9. Nxd4 O-O (9... Ba6 10. Re1) 10. c3 Qh4 11. Nd2 Ba6 12. N2f3 Qg4
13. h3 Qh5 14. Re1 g5 15. Nxg5 Qg6 16. Nxe4 dxe4 17. Re3 Bxd4 18. Rg3 Qxg3 19.
Qxd4 Qg6 20. Bf4 Rfd8 21. Qc5 Rd5 22. Qe3 Rd3 23. Qe1 Rxh3 0-1

[Event "Høstturneringen 2016 (Follo 20 år)"]
[Site "Ås, Akershus NOR"]
[Date "2016.11.03"]
[Round "7"]
[White "Lange, Magnus Øyvind"]
[Black "Samset, Jon"]
[Result "1/2-1/2"]
[WhiteElo "843"]
[BlackElo "1077"]
[PlyCount "41"]
[EventDate "2016.09.01"]

1. e4 g6 2. d4 d6 3. Nf3 Bg7 4. Bf4 Nf6 5. Nc3 O-O 6. Bd3 Bg4 7. h3 Bxf3 8.
Qxf3 Nc6 9. d5 Nd4 10. Qe3 Nd7 11. Bh6 Bxh6 12. Qxd4 Ne5 13. Ne2 Nxd3+ 14. Qxd3
f5 15. exf5 Rxf5 16. g4 Re5 17. Kd1 Qf8 18. Rf1 Re3 19. Qc4 Qf3 20. Re1 Re4 21.
Qd3 1/2-1/2

[Event "Høstturneringen 2016 (Follo 20 år)"]
[Site "Ås, Akershus NOR"]
[Date "2016.11.10"]
[Round "8"]
[White "Ruud, Kjetil"]
[Black "Lea, Per"]
[Result "1-0"]
[WhiteElo "1446"]
[BlackElo "1533"]
[Annotator "Lea, Per"]
[PlyCount "45"]
[EventDate "2016.09.01"]

1. e4 e5 2. Nf3 Nc6 3. d4 exd4 4. Bc4 Nf6 5. O-O Nxe4 6. Re1 d5 7. Nxd4 (7.
Bxd5 Qxd5 8. Nc3 Qa5 9. Nxe4 Be6 10. Neg5 O-O-O 11. Nxe6 fxe6 12. Rxe6 Qf5)
7... Bc5 8. Nxc6 Bxf2+ 9. Kf1 bxc6 $4 (9... Qh4 10. Qxd5) (9... Qf6 10. Rxe4+
dxe4 11. Qd8+ (11. Qe2 Be3+) 11... Qxd8 12. Nxd8 Bb6 13. Nxf7 Rf8) 10. Rxe4+
dxe4 (10... Be6 11. Kxf2 dxc4 12. Qxd8+ Rxd8) 11. Qxd8+ Kxd8 12. Kxf2 Ke7 (
12... Re8 13. Nc3 Be6 14. Bxe6 Rxe6 15. Bg5+) 13. Nc3 Be6 14. Bxe6 Kxe6 15.
Nxe4 f5 (15... f6 16. Bf4 Rac8 17. Nc5+ Kf7 18. Na6) 16. Nc5+ (16. Ng5+ Kf6)
16... Kd5 17. Na6 Ke4 18. Bd2 f4 19. Re1+ Kf5 20. Re7 g5 21. Bc3 Rhe8 22. Rf7+
Kg6 23. Rf6+ 1-0

[Event "Høstturneringen 2016 (Follo 20 år)"]
[Site "Ås, Akershus NOR"]
[Date "2016.11.10"]
[Round "8"]
[White "Kielland-Lund, Jon"]
[Black "Thowsen, Alf Geir"]
[Result "1-0"]
[WhiteElo "1500"]
[BlackElo "1161"]
[PlyCount "117"]
[EventDate "2016.09.01"]

1. c4 e5 2. Nc3 Nf6 3. Nf3 d6 4. d4 exd4 5. Nxd4 Nc6 6. Nxc6 bxc6 7. e4 Be6 8.
Qa4 Qd7 9. Bg5 Be7 10. Be2 O-O 11. O-O Rfb8 12. Rab1 c5 13. Qc2 Ne8 14. Bxe7
Qxe7 15. Rfd1 Qg5 16. Nd5 c6 17. Ne3 Rb6 18. b3 Rd8 19. Bf3 Qe7 20. Rd2 Nc7 21.
Rbd1 Bc8 22. Qc3 Ne6 23. Nf5 Qf6 24. Qxf6 gxf6 25. Rxd6 Rxd6 26. Rxd6 Ra6 27.
Ne7+ Kg7 28. Nxc8 Rxa2 29. Rd1 Nd4 30. Ne7 Kf8 31. Nf5 Nxf5 32. exf5 Rb2 33.
Kf1 Rxb3 34. Bxc6 Ra3 35. Rd8+ Kg7 36. Ra8 Kh6 37. Rf8 Kg7 38. Rd8 Rc3 39. Bb5
a5 40. Ra8 Ra3 41. g4 Kh6 42. h4 Rh3 43. Kg2 Rxh4 44. Rg8 a4 45. Bxa4 Rh2+ 46.
Kg3 Rh3+ 47. Kf4 Rf3+ 48. Ke4 Re3+ 49. Kd5 Re5+ 50. Kc6 Re7 51. Rb8 Re4 52.
Kxc5 Rxg4 53. Rb1 Rf4 54. Bd7 Rxf2 55. Rh1+ Kg7 56. Kc6 Rf4 57. c5 Ra4 58. Kb5
Ra8 59. c6 1-0

[Event "Høstturneringen 2016 (Follo 20 år)"]
[Site "Ås, Akershus NOR"]
[Date "2016.11.17"]
[Round "8"]
[White "Brenden, Torbjørn"]
[Black "Midtgard, Anders"]
[Result "1-0"]
[WhiteElo "1417"]
[BlackElo "1105"]
[PlyCount "49"]
[EventDate "2016.09.01"]

1. e4 c5 2. Nf3 d6 3. d4 cxd4 4. Nxd4 Nf6 5. Nc3 a6 6. Be3 e5 7. Nb3 Be7 8. f3
Be6 9. Nd5 Bxd5 10. exd5 Qc7 11. Qd2 Nbd7 12. O-O-O a5 13. a4 O-O 14. g4 Nb6
15. Bxb6 Qxb6 16. Bb5 Nxg4 17. fxg4 f5 18. gxf5 Rxf5 19. Kb1 Rf2 20. Qd3 Rc8
21. Rd2 Rf4 22. Qh3 Rcf8 23. Qe6+ R4f7 24. Rf1 Bf6 25. Be8 1-0

[Event "Høstturneringen 2016 (Follo 20 år)"]
[Site "Ås, Akershus NOR"]
[Date "2016.11.10"]
[Round "8"]
[White "Moberg, Jan Rune"]
[Black "Johnson, David"]
[Result "1/2-1/2"]
[WhiteElo "1503"]
[BlackElo "1443"]
[Annotator "Lea, Per"]
[PlyCount "149"]
[EventDate "2016.09.01"]

1. g3 e5 2. c4 Nc6 3. Bg2 Bc5 4. Nf3 d6 5. O-O f5 6. d3 Nf6 7. Nc3 a6 8. a3 O-O
9. b4 Ba7 10. Bg5 h6 11. Bc1 Qe8 12. Nd5 Qf7 13. Bb2 Nxd5 14. cxd5 Ne7 15. e4
f4 16. d4 fxg3 17. fxg3 Qh5 18. Qd3 Bg4 19. Kh1 Ng6 20. dxe5 dxe5 21. Rac1 Bb6
22. a4 a5 23. b5 Rf7 24. Ba3 Rd8 25. Qb3 Rf6 26. Ng1 Rxf1 27. Rxf1 Kh7 28. Bf3
Bxf3+ 29. Qxf3 Qg5 30. Bc1 (30. h4 Qe3 31. Qxe3 Bxe3 32. Nf3 Re8 33. Re1 Bb6
34. Kg2 {med liten fordel for hvit (Stockfish)}) 30... Qe7 31. Qc3 Qd7 32. Nf3
Qg4 33. Kg2 $4 (33. Nxe5 $2 Qxe4+ 34. Nf3 Rxd5) (33. Nd2 {og hvit står en
aning bedre}) 33... Qxe4 (33... Rf8 34. Qd3 Rxf3 35. Rxf3 Nh4+ 36. Kh1 Nxf3 {
og svart har springer over}) 34. Re1 Qxd5 ({Bedre:} 34... Qxa4 35. Nxe5 Qxb5
36. Qc2 Qxd5+ 37. Kh3 Qe6+ 38. Kg2 Rf8 39. Bf4 Qf5 {og svart vinner med 3
sammenhengende fribønder over}) 35. Qc2 Re8 36. Re4 Kh8 37. Bb2 Re6 38. Qe2 h5
$2 {Kaster bort hele fordelen, og stillingen er helt lik} 39. Ng5 Rf6 40. Qxh5+
Kg8 41. Bxe5 Rf2+ 42. Kh3 Qd7+ 43. Qg4 Nxe5 44. Rxe5 Qxg4+ 45. Kxg4 g6 46. h4
Kg7 47. Nh3 Ra2 48. Re4 Ra3 49. Nf4 Bf2 50. Ne2 Bc5 51. h5 gxh5+ 52. Kxh5 Bd6
53. g4 Kf6 54. Kh4 Ra1 55. Ng3 Ra2 56. g5+ Kg6 57. Re6+ Kf7 58. Rf6+ Kg8 59.
Nf5 Rxa4+ 60. Kh5 Bf8 61. g6 Ra1 62. Rf7 Rc1 $4 63. Kg5 Rc5 64. b6 $4 {Hele
hvits fordel er som blåst bort} (64. Kf6 Rxf5+ (64... a4 65. Rxf8+ Kxf8 66. g7+
Kg8 67. Nh6+ Kh7 68. g8=Q+ Kxh6 69. Qg6#) 65. Kxf5 a4 66. Rxc7 a3 67. Rxb7 Bc5
68. Rb8+ Kg7 69. Ra8 {og svart blir matt i høyst 10 trekk}) 64... cxb6 65. Rxb7
b5 66. Rb8 b4 67. g7 Rxf5+ {Alle andre trekk taper} 68. Kxf5 Kxg7 {I følge
Nalimov-basen er dette remis i alle varianter, bortsett fra hvite kongetrekk
til g4 eller g5, eller tårnofre på f8 eller b4} 69. Rb5 a4 70. Ke4 a3 71. Kd3
a2 72. Ra5 b3 73. Kc3 Bb4+ 74. Kxb3 Bxa5 75. Kxa2 1/2-1/2

[Event "Høstturneringen 2016 (Follo 20 år)"]
[Site "Ås, Akershus NOR"]
[Date "2016.11.10"]
[Round "8"]
[White "Lange, Holger"]
[Black "Sandvik, Sander"]
[Result "1-0"]
[WhiteElo "1624"]
[BlackElo "1127"]
[Annotator "Lange,Holger"]
[PlyCount "51"]
[EventDate "2016.09.01"]

1. e4 e5 2. Nf3 Nc6 3. d4 exd4 4. Bc4 Bc5 5. Ng5 Nh6 6. Nxf7 Nxf7 7. Bxf7+ Kxf7
8. Qh5+ g6 9. Qxc5 d5 $146 {Jeg har sett og spilt mot 9. ... d6 så mange
ganger at jeg trodde det finnes ikke noe alternativt trekk. Jeg tok feil!
Stillingen finnes ikke i databaser, men trekket ser ikke ut som svak. I
motsetning til Hvits neste trekk.} 10. exd5 $2 {Fristende men dårlig. Bedre er}
(10. O-O dxe4 11. Re1 Re8 12. Bg5 Qd7 13. c3 Re5 (13... d3 14. Nd2) 14. Qc4+ {
med omtrent likt stilling}) 10... Re8+ 11. Kd1 Re5 $1 {Svart finner det beste
trekket! Jeg hadde regnet med} (11... Qe7 12. Qxe7+ Nxe7 13. c4 c6 14. dxc6
bxc6 15. Re1 $14) 12. Bf4 Rxd5 13. Qc4 Be6 14. Qd3 Nb4 15. Qd2 c5 {Svart står
til vinst. Hvordan skal jeg få ut tårnet på a1? Hva med konges sikkerhet? Her
tenkte jeg rundt 10 min på tre alternativer: Sa3, a3 eller å gi opp.} 16. a3 d3
{En annen god (fra hvits perspektiv: ekelt) mulighet er} (16... Qa5 $1) 17. c4
$8 Nc2 18. cxd5 Qxd5 19. f3 {Tårn på a1 løper ikke bort, derfor kan svart
tenker på andre planer først. For eksempel Dd4 (det henger på b2)} Nxa1 $6 20.
Nc3 Qb3+ 21. Ke1 Nc2+ $6 22. Kf2 {Jeg følte at stillingen har bedret seg -
konge er mer i sikkerhet, tårn på h1 kan flytte. Likevel ligger hvit en bonde
under, og det blir en lang kjedelig sluttspill med lite sjanser å holde det
til remis. Men en siste mulighet for å ta feil gjenstår for svart, som hadde 2
min på klokka igjen her:} Qxb2 $4 {Alt for grådig! Nå er det hele snurret og
hvit står solklart til vinst. Så rask kan det gå. Jeg må innrømme at jeg
gledet meg her, men hadde ikke feilen vurdert som avgjørende med en gang.} 23.
Rb1 Qxa3 24. Rxb7+ Kg8 25. Be5 $1 {Eneste trekk jeg kan være stolt av i hele
partiet.} Bf7 {Tapt er det uansett, men svart ser ikke dødsfaren her med 20
sek. på klokka.} 26. Qh6 {og matt i neste trekk, uungåelig. Svart ga opp. Hvit
hadde flaks, rett og slett (det som finnes ikke i sjakk, nemlig).} 1-0

[Event "Høstturneringen 2016 (Follo 20 år)"]
[Site "Ås, Akershus NOR"]
[Date "2016.11.10"]
[Round "8"]
[White "Fuglseth, Jan"]
[Black "Samset, Jon"]
[Result "1-0"]
[WhiteElo "1478"]
[BlackElo "1077"]
[Annotator "Fuglseth, Jan"]
[PlyCount "103"]
[EventDate "2016.09.01"]

1. Nf3 g6 2. c4 Bg7 3. d4 Nf6 4. Nc3 a6 5. e4 O-O 6. Be2 d6 7. Bg5 b6 8. Qd2
Bb7 9. d5 Nbd7 10. Bh6 Nc5 11. Bxg7 Kxg7 12. Qc2 e5 13. b4 Ncd7 14. Ng5 Nxd5
15. Nxf7 Rxf7 16. Nxd5 Bxd5 17. cxd5 Qf6 18. O-O Qf4 19. f3 Nf6 20. Rac1 b5 21.
Qb3 h5 22. Rc3 h4 23. h3 Nh5 24. Qc2 Rc8 25. Rf2 Qg5 26. Bf1 Nf4 27. Kh1 Qg3
28. Ra3 Ra8 29. Bxb5 Rh8 30. Bf1 Rh5 31. Qb2 Rg5 32. Rc2 Nxh3 33. f4 $2 (33.
Qc1 Nf2+ 34. Rxf2 Qxf2 35. Qxg5 Qxf1+ 36. Kh2 {og stillingen hadde vært helt
lik}) 33... Qxf4 {Svart står klart best} 34. Rf3 Qxe4 35. Rxf7+ Kxf7 36. Rxc7+
Kg8 37. Qc1 Nf2+ 38. Kg1 Nh3+ {Stillingen er fullstendig lik} 39. Kh2 Qf4+ 40.
Qxf4 Nxf4 41. Rc6 Nxd5 $4 {Hvit trekker for raskt og overser Lc4 med
avgjørende fordel} 42. a3 $4 Ne3 {Dermed står svart klart best.} 43. Bxa6 Rxg2+
44. Kh3 g5 45. b5 Rg1 46. Kh2 Rg2+ 47. Kh3 Rg3+ 48. Kh2 Nf1+ 49. Kh1 h3 $4 {
Dermerd står hvit klart best. Txa3 var adskillig bedre.} 50. b6 Ne3 51. b7 Kg7
52. b8=Q {1-0} 1-0

[Event "Høstturneringen 2016 (Follo 20 år)"]
[Site "Ås, Akershus NOR"]
[Date "2016.11.22"]
[Round "8"]
[White "Bø, Martin"]
[Black "Furnes, Torstein"]
[Result "0-1"]
[WhiteElo "1191"]
[BlackElo "1610"]
[Annotator "Furnes, Torstein"]
[PlyCount "86"]
[EventDate "2016.09.01"]

1. d4 d5 2. c4 e6 3. Nf3 Nf6 4. g3 Bb4+ 5. Bd2 Bxd2+ 6. Nbxd2 O-O 7. Bg2 Nbd7
8. O-O c6 9. Qc2 Re8 10. e4 dxe4 11. Nxe4 Nxe4 12. Qxe4 Nf6 13. Qc2 Qc7 {Så
langt har vi fulgt partier som finnes i online-databasen til ChessBase, men
hvits neste trekk er ikke spilt før.} 14. Rfd1 c5 15. Rac1 Rb8 16. d5 exd5 17.
cxd5 b6 18. Nd4 ({Førstevalget til Fritz er} 18. b4 Bg4 19. bxc5 Qxc5 20. Qxc5
bxc5 21. Rxc5 Rb2) 18... Bg4 19. Nf5 $6 $17 Bxd1 $6 ({Fritz mener det er bedre
å spille} 19... Qe5 $1 20. Ne3 Bxd1 21. Rxd1 Rbd8) 20. Rxd1 Qe5 21. f4 $6 $19 {
Svekker kongestillingen.} ({Fritz vil spille} 21. d6) 21... Qe2 22. Rd2 Qe1+
23. Bf1 Rbd8 ({Fritz foreslår} 23... g6) 24. d6 g6 25. Rd1 Qe6 26. Ne7+ Kg7 27.
Bb5 {Svart er nå nødt til å gi tilbake kvaliteten.} Qe3+ 28. Kg2 Rxe7 29. dxe7
Qxe7 30. Rxd8 Qxd8 31. Qc3 Qd5+ 32. Kh3 Qxa2 33. Bc4 Qa4 34. g4 Qd7 35. Qf3 h5
36. Kg3 Qxg4+ {Ønsker å bytte dronninger og avvikle til fordelaktig sluttspill.
Men Fritz vil heller øke presset med} (36... Qd4) 37. Qxg4 Nxg4 38. h4 Ne3 39.
Ba6 Kf6 40. Bb5 Ke6 41. Kf3 Nf5 42. Bc4+ Kf6 43. Bb5 Nd4+ 0-1

[Event "Høstturneringen 2016 (Follo 20 år)"]
[Site "Ås, Akershus NOR"]
[Date "2016.11.27"]
[Round "8"]
[White "Støle, Andreas"]
[Black "Bakken, Svein-Erik"]
[Result "1-0"]
[WhiteElo "1595"]
[BlackElo "1347"]
[Annotator "Støle, Andreas"]
[PlyCount "69"]
[EventDate "2016.09.01"]

1. e4 c5 2. d4 cxd4 3. c3 dxc3 4. Nxc3 a6 5. Nf3 e6 6. Bc4 Qc7 7. Qe2 Nc6 8.
O-O Nge7 9. Bg5 b5 (9... Ng6) 10. Bb3 Bb7 11. Rac1 Qb8 12. Rfd1 Ne5 13. Nxe5
Qxe5 14. Qd2 Bc6 15. Bf4 Qh5 16. Na4 $6 (16. Ne2 $1 Ra7 17. Nd4 Bxe4 18. Qe3
$18) 16... bxa4 17. Rxc6 Qxd1+ $1 18. Qxd1 Nxc6 19. Bxa4 Be7 20. h3 Rd8 21. Bc7
Rc8 22. Ba5 O-O 23. Bc3 Rfd8 24. Qg4 Bf8 25. Bf6 Ne7 26. Bg5 d5 27. Bb3 Rd7 28.
Bxe7 Bxe7 $2 (28... Rxe7 29. exd5 Rc1+ 30. Kh2 exd5) 29. exd5 Rc1+ 30. Kh2 f5
31. Qa4 Bd6+ 32. g3 Rd8 33. dxe6 Kf8 34. Qh4 h6 35. Qxd8# 1-0